[Event "Deutsche Ländermeisterschaft 2014"]
[Site "Hannover GER"]
[Date "2014.10.05"]
[Round "4"]
[White "Gibicar, Danijel"]
[Black "Mons, Leon"]
[Result "0-1"]
[Termination "normal"]
[Board "2.2"]
[BlackTitle "IM"]
[WhiteElo "2164"]
[BlackElo "2416"]
[WhiteClock "00:19:02"]
[BlackClock "00:17:26"]
[WhiteTeam "Württemberg"]
[BlackTeam "Baden 1"]
[PlyCount "112"]
[WhiteFideId "24660256"]
[BlackFideId "4614950"]
[EventCountry "GER"]
[EventRounds "7"]
[EventType "team-swiss"]
[EventDate "2014.10.02"]

1. e4 {[%clk 1:30:52]} g6 {[%clk 1:30:18]} 2. d4 {[%clk 1:31:15]} Bg7 {[%clk
1:30:45]} 3. Nc3 {[%clk 1:31:39]} d6 {[%clk 1:30:33]} 4. Be3 {[%clk 1:31:22]}
a6 {[%clk 1:27:32]} 5. f4 {[%clk 1:30:40]} b5 {[%clk 1:27:52]} 6. Bd3 {[%clk
1:30:38]} Nd7 {[%clk 1:27:45]} 7. Nf3 {[%clk 1:28:52]} Bb7 {[%clk 1:28:02]} 8.
e5 {[%clk 1:28:47]} Nh6 {[%clk 1:23:54]} 9. Qe2 {[%clk 1:28:01]} O-O {[%clk
1:17:28]} 10. Be4 {[%clk 1:11:51]} Qc8 {[%clk 1:12:00]} 11. Bf2 {[%clk
0:56:59]} Nb6 {[%clk 1:08:06]} 12. O-O-O {[%clk 0:40:14]} b4 {[%clk 1:04:27]}
13. Nb1 {[%clk 0:39:36]} Nd5 {[%clk 0:58:25]} 14. g3 {[%clk 0:38:22]} a5 {[%clk
0:58:12]} 15. Rhe1 {[%clk 0:29:27]} a4 {[%clk 0:55:38]} 16. a3 {[%clk 0:28:31]}
Rb8 {[%clk 0:41:00]} 17. Ng5 {[%clk 0:15:59]} bxa3 {[%clk 0:32:18]} 18. Nxa3
{[%clk 0:15:37]} Nb4 {[%clk 0:32:01]} 19. Kb1 {[%clk 0:15:02]} c5 {[%clk
0:27:01]} 20. c3 {[%clk 0:11:40]} d5 {[%clk 0:19:43]} 21. cxb4 {[%clk 0:09:19]}
cxb4 {[%clk 0:19:57]} 22. Bd3 {[%clk 0:07:33]} bxa3 {[%clk 0:20:21]} 23. Rd2
{[%clk 0:05:49]} axb2 {[%clk 0:20:26]} 24. Rxb2 {[%clk 0:06:06]} a3 {[%clk
0:19:24]} 25. Rc2 {[%clk 0:05:52]} Qd7 {[%clk 0:18:04]} 26. Ka1 {[%clk
0:06:06]} Qa4 {[%clk 0:16:31]} 27. Bb5 {[%clk 0:05:44]} Qa5 {[%clk 0:16:25]}
28. Rec1 {[%clk 0:05:48]} Bc8 {[%clk 0:15:53]} 29. Be1 {[%clk 0:05:51]} Qa8
{[%clk 0:15:32]} 30. e6 {[%clk 0:05:46]} Bxd4+ {[%clk 0:15:11]} 31. Ka2 {[%clk
0:06:07]} Bb2 {[%clk 0:13:40]} 32. Rd1 {[%clk 0:06:01]} Qb7 {[%clk 0:13:22]}
33. Rc5 {[%clk 0:05:45]} f6 {[%clk 0:12:56]} 34. Nf3 {[%clk 0:05:53]} Qb6
{[%clk 0:12:51]} 35. Bb4 {[%clk 0:05:28]} Qxe6 {[%clk 0:10:57]} 36. Qxe6+
{[%clk 0:04:15]} Bxe6 {[%clk 0:11:26]} 37. Re1 {[%clk 0:04:26]} Bg4 {[%clk
0:10:55]} 38. Nd2 {[%clk 0:04:28]} e5 {[%clk 0:09:56]} 39. Bxa3 {[%clk
0:04:22]} Bxa3 {[%clk 0:03:22]} 40. Kxa3 {[%clk 0:04:51]} e4 {[%clk 0:01:12]}
41. Rxd5 {[%clk 0:03:59]} Be6 {[%clk 0:01:24]} 42. Rc5 {[%clk 0:04:14]} f5
{[%clk 0:01:38]} 43. Nb3 {[%clk 0:02:48]} Rfd8 {[%clk 0:01:00]} 44. Kb4 {[%clk
0:01:52]} Rd3 {[%clk 0:28:45]} 45. Na5 {[%clk 0:32:38]} Bd7 {[%clk 0:24:13]}
46. Nc6 {[%clk 0:32:28]} Bxc6 {[%clk 0:23:45]} 47. Rxc6 {[%clk 0:32:53]} Nf7
{[%clk 0:23:22]} 48. Kc5 {[%clk 0:31:45]} Rd2 {[%clk 0:22:06]} 49. Bc4 {[%clk
0:31:17]} Rb7 {[%clk 0:21:36]} 50. g4 {[%clk 0:30:49]} fxg4 {[%clk 0:19:23]}
51. Rxe4 {[%clk 0:30:47]} Rxh2 {[%clk 0:19:14]} 52. Rc8+ {[%clk 0:26:36]} Kg7
{[%clk 0:19:39]} 53. Kc6 {[%clk 0:26:33]} Rc2 {[%clk 0:17:23]} 54. Rd4 {[%clk
0:20:42]} Re7 {[%clk 0:17:28]} 55. Kb5 {[%clk 0:19:04]} g3 {[%clk 0:17:20]} 56.
Rd3 {[%clk 0:19:02]} g2 {[%clk 0:17:26]} 0-1

[Event "Deutsche Ländermeisterschaft 2014"]
[Site "Hannover GER"]
[Date "2014.10.05"]
[Round "4"]
[White "Grunau, Christoph"]
[Black "Höglauer, Patrick"]
[Result "1-0"]
[Termination "normal"]
[Board "2.3"]
[WhiteElo "2126"]
[BlackElo "2042"]
[WhiteClock "00:08:07"]
[BlackClock "00:17:57"]
[WhiteTeam "Baden 1"]
[BlackTeam "Württemberg"]
[PlyCount "83"]
[WhiteFideId "12929760"]
[BlackFideId "1270548"]
[EventCountry "GER"]
[EventRounds "7"]
[EventType "team-swiss"]
[EventDate "2014.10.02"]

1. e4 {[%clk 1:30:56]} d6 {[%clk 1:30:44]} 2. d4 {[%clk 1:30:25]} Nf6 {[%clk
1:31:08]} 3. Nc3 {[%clk 1:30:31]} e5 {[%clk 1:31:25]} 4. Nf3 {[%clk 1:30:03]}
Nbd7 {[%clk 1:31:41]} 5. Bc4 {[%clk 1:29:55]} Be7 {[%clk 1:32:05]} 6. O-O
{[%clk 1:29:51]} O-O {[%clk 1:31:52]} 7. Re1 {[%clk 1:28:12]} a6 {[%clk
1:31:21]} 8. a4 {[%clk 1:28:01]} b6 {[%clk 1:30:16]} 9. b3 {[%clk 1:17:59]} Bb7
{[%clk 1:28:49]} 10. Bb2 {[%clk 1:15:35]} c6 {[%clk 1:25:59]} 11. Bd3 {[%clk
1:13:12]} Re8 {[%clk 1:23:55]} 12. dxe5 {[%clk 0:52:51]} dxe5 {[%clk 1:21:59]}
13. Ne2 {[%clk 0:51:20]} Qc7 {[%clk 1:21:38]} 14. Ng3 {[%clk 0:49:33]} Bf8
{[%clk 1:21:07]} 15. c3 {[%clk 0:47:14]} Rad8 {[%clk 1:14:19]} 16. Qc2 {[%clk
0:46:03]} g6 {[%clk 1:03:15]} 17. Bf1 {[%clk 0:42:09]} h6 {[%clk 0:58:31]} 18.
h3 {[%clk 0:38:38]} Bc8 {[%clk 0:55:31]} 19. b4 {[%clk 0:36:05]} c5 {[%clk
0:52:51]} 20. Qb3 {[%clk 0:32:05]} Nb8 {[%clk 0:51:30]} 21. b5 {[%clk 0:30:28]}
a5 {[%clk 0:47:48]} 22. Bc4 {[%clk 0:22:22]} Be6 {[%clk 0:41:48]} 23. Bxe6
{[%clk 0:20:53]} Rxe6 {[%clk 0:42:16]} 24. c4 {[%clk 0:21:07]} Bg7 {[%clk
0:42:14]} 25. Rad1 {[%clk 0:20:55]} Rxd1 {[%clk 0:41:02]} 26. Rxd1 {[%clk
0:21:07]} Nbd7 {[%clk 0:41:12]} 27. Qd3 {[%clk 0:20:14]} Bf8 {[%clk 0:41:04]}
28. Qc2 {[%clk 0:18:16]} Rd6 {[%clk 0:40:12]} 29. Re1 {[%clk 0:18:09]} Re6
{[%clk 0:37:53]} 30. Ne2 {[%clk 0:16:17]} Nh5 {[%clk 0:36:07]} 31. g3 {[%clk
0:15:02]} Ng7 {[%clk 0:35:41]} 32. Nc3 {[%clk 0:14:41]} f6 {[%clk 0:31:25]} 33.
Nd5 {[%clk 0:14:02]} Qd8 {[%clk 0:31:36]} 34. Nh4 {[%clk 0:11:37]} Kh7 {[%clk
0:27:29]} 35. Qe2 {[%clk 0:10:34]} f5 {[%clk 0:26:41]} 36. exf5 {[%clk
0:10:16]} Nxf5 {[%clk 0:27:02]} 37. Nxf5 {[%clk 0:09:44]} gxf5 {[%clk 0:27:31]}
38. Qh5 {[%clk 0:09:49]} Rf6 {[%clk 0:17:01]} 39. Nxf6+ {[%clk 0:08:17]} Qxf6
{[%clk 0:17:30]} 40. Qe8 {[%clk 0:08:09]} Qd6 {[%clk 0:17:33]} 41. Bxe5 {[%clk
0:07:54]} Nxe5 {[%clk 0:17:57]} 42. Qxe5 {[%clk 0:08:07]} 1-0

[Event "Deutsche Ländermeisterschaft 2014"]
[Site "Hannover GER"]
[Date "2014.10.05"]
[Round "4"]
[White "Hartmann, Martin"]
[Black "Zeller, Elisa"]
[Result "0-1"]
[Termination "normal"]
[Board "2.5"]
[WhiteElo "1864"]
[BlackElo "1922"]
[WhiteClock "00:01:54"]
[BlackClock "00:35:39"]
[WhiteTeam "Baden 1"]
[BlackTeam "Württemberg"]
[PlyCount "62"]
[WhiteFideId "12911925"]
[BlackFideId "24662410"]
[EventCountry "GER"]
[EventRounds "7"]
[EventType "team-swiss"]
[EventDate "2014.10.02"]

1. f4 {[%clk 1:30:56]} d5 {[%clk 1:30:55]} 2. b3 {[%clk 1:31:19]} e6 {[%clk
1:31:08]} 3. Nf3 {[%clk 1:31:26]} Nf6 {[%clk 1:31:33]} 4. Bb2 {[%clk 1:31:42]}
c5 {[%clk 1:31:57]} 5. e3 {[%clk 1:32:07]} Nc6 {[%clk 1:32:15]} 6. Bb5 {[%clk
1:32:28]} Bd7 {[%clk 1:32:26]} 7. O-O {[%clk 1:32:21]} Be7 {[%clk 1:32:45]} 8.
a4 {[%clk 1:31:50]} O-O {[%clk 1:32:25]} 9. Ne5 {[%clk 1:31:00]} Rc8 {[%clk
1:27:37]} 10. Qf3 {[%clk 1:21:56]} Nxe5 {[%clk 1:23:25]} 11. fxe5 {[%clk
1:21:48]} Ne8 {[%clk 1:23:42]} 12. Bd3 {[%clk 1:17:56]} g6 {[%clk 1:18:06]} 13.
Nc3 {[%clk 0:59:28]} a6 {[%clk 1:13:18]} 14. Ne2 {[%clk 0:44:45]} Ng7 {[%clk
1:09:16]} 15. Ng3 {[%clk 0:36:29]} b5 {[%clk 1:07:36]} 16. axb5 {[%clk
0:36:37]} axb5 {[%clk 1:07:22]} 17. c3 {[%clk 0:31:28]} Bc6 {[%clk 1:00:49]}
18. Ra7 {[%clk 0:24:25]} Rc7 {[%clk 0:58:55]} 19. Rfa1 {[%clk 0:18:08]} c4
{[%clk 0:58:35]} 20. Bc2 {[%clk 0:18:15]} Rxa7 {[%clk 0:58:19]} 21. Rxa7 {[%clk
0:18:36]} Bc5 {[%clk 0:58:15]} 22. Ra1 {[%clk 0:18:16]} Qc7 {[%clk 0:54:31]}
23. Qf4 {[%clk 0:17:41]} f6 {[%clk 0:51:57]} 24. Ba3 {[%clk 0:10:20]} fxe5
{[%clk 0:49:06]} 25. Qg4 {[%clk 0:10:09]} Qa7 {[%clk 0:36:24]} 26. Bb2 {[%clk
0:09:27]} Qb6 {[%clk 0:35:51]} 27. b4 {[%clk 0:09:17]} Bxe3+ {[%clk 0:35:37]}
28. dxe3 {[%clk 0:08:58]} Qxe3+ {[%clk 0:36:02]} 29. Kh1 {[%clk 0:09:20]} Rf2
{[%clk 0:36:17]} 30. Rc1 {[%clk 0:02:44]} Rxc2 {[%clk 0:35:39]} 31. Rf1 {[%clk
0:01:54]} d4 0-1

[Event "Deutsche Ländermeisterschaft 2014"]
[Site "Hannover GER"]
[Date "2014.10.05"]
[Round "4"]
[White "Weber, Sandra"]
[Black "Trifan, Andrei Ioan"]
[Result "0-1"]
[Termination "normal"]
[Board "2.6"]
[WhiteElo "1800"]
[BlackElo "1689"]
[WhiteClock "00:01:13"]
[BlackClock "00:08:22"]
[WhiteTeam "Württemberg"]
[BlackTeam "Baden 1"]
[PlyCount "162"]
[WhiteFideId "1270049"]
[BlackFideId "12967068"]
[EventCountry "GER"]
[EventRounds "7"]
[EventType "team-swiss"]
[EventDate "2014.10.02"]

1. e4 {[%clk 1:30:58]} e5 {[%clk 1:30:45]} 2. Nf3 {[%clk 1:31:24]} Nc6 {[%clk
1:31:02]} 3. Bb5 {[%clk 1:31:48]} a6 {[%clk 1:31:17]} 4. Ba4 {[%clk 1:32:13]}
Nf6 {[%clk 1:31:28]} 5. O-O {[%clk 1:32:37]} Be7 {[%clk 1:31:43]} 6. Re1 {[%clk
1:32:58]} b5 {[%clk 1:32:02]} 7. Bb3 {[%clk 1:33:24]} O-O {[%clk 1:32:01]} 8.
h3 {[%clk 1:33:22]} d6 {[%clk 1:26:22]} 9. c3 {[%clk 1:33:17]} Be6 {[%clk
1:25:15]} 10. Bc2 {[%clk 1:30:57]} d5 {[%clk 1:10:24]} 11. exd5 {[%clk
1:26:55]} Bxd5 {[%clk 1:07:35]} 12. Nxe5 {[%clk 1:25:18]} Nxe5 {[%clk 1:07:45]}
13. Rxe5 {[%clk 1:25:44]} Bd6 {[%clk 1:08:05]} 14. Re1 {[%clk 1:19:55]} c5 15.
d4 {[%clk 1:14:56]} h6 {[%clk 0:56:40]} 16. Be3 {[%clk 1:10:53]} c4 {[%clk
0:52:58]} 17. Nd2 {[%clk 1:08:56]} Qc7 {[%clk 0:49:58]} 18. Nf3 {[%clk
1:04:20]} Qb7 {[%clk 0:46:30]} 19. Kh1 {[%clk 0:52:40]} Ne4 {[%clk 0:40:56]}
20. Bxe4 {[%clk 0:49:16]} Bxe4 {[%clk 0:41:05]} 21. Rg1 {[%clk 0:43:37]} f5
{[%clk 0:39:59]} 22. Nd2 {[%clk 0:30:37]} Bd5 {[%clk 0:34:05]} 23. f3 {[%clk
0:23:52]} Bg3 {[%clk 0:31:12]} 24. Nf1 {[%clk 0:18:33]} Bh4 {[%clk 0:30:29]}
25. Qd2 {[%clk 0:16:08]} Rae8 {[%clk 0:27:16]} 26. Nh2 {[%clk 0:14:34]} Qe7
{[%clk 0:24:10]} 27. Bf4 {[%clk 0:13:11]} Bf6 {[%clk 0:16:14]} 28. Rge1 {[%clk
0:12:23]} Qd7 {[%clk 0:14:48]} 29. Rxe8 {[%clk 0:10:59]} Rxe8 {[%clk 0:15:14]}
30. Re1 {[%clk 0:11:23]} Rxe1+ {[%clk 0:14:59]} 31. Qxe1 {[%clk 0:11:52]} b4
{[%clk 0:15:22]} 32. Nf1 {[%clk 0:09:43]} Qa4 {[%clk 0:14:34]} 33. Qb1 {[%clk
0:09:30]} Be6 {[%clk 0:14:15]} 34. Ne3 {[%clk 0:09:21]} Qd7 {[%clk 0:12:14]}
35. Nc2 {[%clk 0:08:10]} b3 {[%clk 0:11:39]} 36. axb3 {[%clk 0:08:31]} cxb3
{[%clk 0:12:08]} 37. Ne3 {[%clk 0:07:58]} a5 {[%clk 0:11:47]} 38. Qd3 {[%clk
0:05:42]} Qa4 {[%clk 0:10:58]} 39. Kh2 {[%clk 0:02:24]} Qa1 {[%clk 0:09:54]}
40. Qd2 {[%clk 0:01:01]} a4 {[%clk 0:09:54]} 41. Bd6 {[%clk 0:28:48]} Qb1
{[%clk 0:36:28]} 42. f4 {[%clk 0:20:30]} Bd8 {[%clk 0:32:29]} 43. d5 {[%clk
0:18:46]} Bd7 {[%clk 0:32:14]} 44. Nc4 {[%clk 0:18:08]} Qc2 {[%clk 0:27:21]}
45. Qe1 {[%clk 0:13:40]} Qe4 {[%clk 0:26:27]} 46. Qxe4 {[%clk 0:13:22]} fxe4
{[%clk 0:26:53]} 47. Bc5 {[%clk 0:10:35]} Bb5 {[%clk 0:26:22]} 48. Na3 {[%clk
0:09:06]} Bd3 {[%clk 0:25:31]} 49. g3 {[%clk 0:08:23]} Kf7 {[%clk 0:24:18]} 50.
Kg2 {[%clk 0:08:50]} g5 {[%clk 0:22:23]} 51. Bd6 {[%clk 0:07:28]} Bb6 {[%clk
0:19:21]} 52. c4 {[%clk 0:06:19]} Bd4 {[%clk 0:19:34]} 53. Bb4 {[%clk 0:05:09]}
Bxb2 {[%clk 0:19:41]} 54. c5 {[%clk 0:03:58]} Bd4 {[%clk 0:16:24]} 55. fxg5
{[%clk 0:03:45]} hxg5 {[%clk 0:16:18]} 56. c6 {[%clk 0:02:44]} Be5 {[%clk
0:15:15]} 57. d6 {[%clk 0:02:22]} Ke8 {[%clk 0:15:36]} 58. Kf2 {[%clk 0:02:07]}
Bd4+ {[%clk 0:14:41]} 59. Ke1 {[%clk 0:02:13]} Bb6 {[%clk 0:15:02]} 60. Kd1
{[%clk 0:02:27]} b2 {[%clk 0:15:04]} 61. h4 {[%clk 0:02:30]} gxh4 {[%clk
0:14:16]} 62. gxh4 {[%clk 0:02:59]} e3 {[%clk 0:13:20]} 63. Bc3 {[%clk
0:02:14]} b1=Q+ {[%clk 0:12:51]} 64. Nxb1 {[%clk 0:02:42]} Bxb1 {[%clk
0:13:11]} 65. Bf6 {[%clk 0:02:55]} Kf7 {[%clk 0:13:01]} 66. Bc3 {[%clk
0:01:31]} Bf5 {[%clk 0:12:37]} 67. Kc1 {[%clk 0:01:06]} a3 {[%clk 0:12:27]} 68.
d7 {[%clk 0:00:40]} Ke7 {[%clk 0:12:03]} 69. Bb4+ {[%clk 0:01:04]} Kd8 {[%clk
0:11:39]} 70. Bxa3 {[%clk 0:00:55]} Be4 {[%clk 0:09:55]} 71. Bb4 {[%clk
0:00:45]} Bxc6 {[%clk 0:10:11]} 72. Kd1 {[%clk 0:00:52]} Kxd7 {[%clk 0:10:15]}
73. Ke2 {[%clk 0:01:02]} Bb5+ {[%clk 0:09:34]} 74. Kf3 {[%clk 0:01:29]} Ke6
{[%clk 0:09:27]} 75. Kf4 {[%clk 0:01:40]} e2 {[%clk 0:08:56]} 76. Be1 {[%clk
0:01:59]} Kf6 {[%clk 0:08:30]} 77. Kg4 {[%clk 0:02:10]} Kg6 {[%clk 0:08:01]}
78. Kf3 {[%clk 0:01:25]} Kh5 {[%clk 0:08:16]} 79. Kg3 {[%clk 0:01:12]} Bd8
{[%clk 0:08:25]} 80. Kh3 {[%clk 0:01:14]} Bf6 {[%clk 0:08:07]} 81. Kg2 {[%clk
0:01:13]} Bxh4 {[%clk 0:08:22]} 0-1

[Event "Deutsche Ländermeisterschaft 2014"]
[Site "Hannover GER"]
[Date "2014.10.05"]
[Round "4"]
[White "Mangei, Jasmin"]
[Black "Schallner, Marc"]
[Result "1-0"]
[Termination "normal"]
[Board "2.7"]
[WhiteElo "1796"]
[BlackElo "1660"]
[WhiteClock "00:50:18"]
[BlackClock "00:43:31"]
[WhiteTeam "Baden 1"]
[BlackTeam "Württemberg"]
[PlyCount "69"]
[WhiteFideId "12951803"]
[BlackFideId "12971243"]
[EventCountry "GER"]
[EventRounds "7"]
[EventType "team-swiss"]
[EventDate "2014.10.02"]

1. e4 {[%clk 1:30:59]} e5 {[%clk 1:30:55]} 2. Nf3 {[%clk 1:31:22]} Nc6 {[%clk
1:31:21]} 3. Bc4 {[%clk 1:31:38]} Nf6 {[%clk 1:31:47]} 4. Ng5 {[%clk 1:31:52]}
d5 {[%clk 1:32:07]} 5. exd5 {[%clk 1:32:18]} b5 {[%clk 1:32:18]} 6. Bxb5 {[%clk
1:31:45]} Qxd5 {[%clk 1:32:37]} 7. Bf1 {[%clk 1:31:25]} Bc5 {[%clk 1:31:01]} 8.
Nc3 {[%clk 1:24:32]} Qd4 {[%clk 1:20:47]} 9. Qf3 {[%clk 1:20:48]} Qd7 {[%clk
1:09:03]} 10. Bb5 {[%clk 1:17:44]} Bb7 {[%clk 1:08:13]} 11. O-O {[%clk
1:15:01]} O-O {[%clk 1:07:58]} 12. d3 {[%clk 1:12:49]} a6 {[%clk 1:02:06]} 13.
Ba4 {[%clk 1:12:21]} h6 {[%clk 1:01:16]} 14. Nge4 {[%clk 1:12:06]} Nxe4 {[%clk
1:01:25]} 15. Nxe4 {[%clk 1:12:28]} Qd4 {[%clk 1:01:09]} 16. Nf6+ {[%clk
1:07:14]} gxf6 {[%clk 0:59:19]} 17. Bxc6 {[%clk 1:07:26]} Bxc6 {[%clk 0:59:23]}
18. Qxc6 {[%clk 1:07:41]} Qd6 {[%clk 0:57:18]} 19. Qxd6 {[%clk 1:06:57]} cxd6
{[%clk 0:57:28]} 20. Bxh6 {[%clk 1:06:43]} Rfb8 {[%clk 0:56:55]} 21. Rab1
{[%clk 1:06:22]} Rb7 {[%clk 0:56:19]} 22. Be3 {[%clk 1:06:16]} Rab8 {[%clk
0:56:21]} 23. Bxc5 {[%clk 1:05:38]} dxc5 {[%clk 0:56:15]} 24. b3 {[%clk
1:05:49]} a5 {[%clk 0:55:57]} 25. f4 {[%clk 1:02:26]} Kg7 {[%clk 0:53:12]} 26.
Rbe1 {[%clk 0:59:27]} Re7 {[%clk 0:52:22]} 27. Re4 {[%clk 0:59:03]} Rbe8 {[%clk
0:50:21]} 28. Rfe1 {[%clk 0:58:17]} Rd7 {[%clk 0:44:32]} 29. fxe5 {[%clk
0:57:45]} f5 {[%clk 0:44:22]} 30. Ra4 {[%clk 0:54:41]} Ra7 {[%clk 0:44:13]} 31.
Kf2 {[%clk 0:54:09]} Kg6 {[%clk 0:44:30]} 32. Re3 {[%clk 0:52:17]} Rb8 {[%clk
0:42:55]} 33. e6 {[%clk 0:50:27]} fxe6 {[%clk 0:43:13]} 34. Rxe6+ {[%clk
0:50:54]} Kg5 {[%clk 0:43:31]} 35. Re5 {[%clk 0:50:18]} 1-0

[Event "Deutsche Ländermeisterschaft 2014"]
[Site "Hannover GER"]
[Date "2014.10.05"]
[Round "4"]
[White "Höglauer, Jenny"]
[Black "Mütsch, Annmarie"]
[Result "0-1"]
[Termination "normal"]
[Board "2.8"]
[WhiteElo "1026"]
[BlackElo "1658"]
[WhiteClock "00:49:15"]
[BlackClock "01:12:01"]
[WhiteTeam "Württemberg"]
[BlackTeam "Baden 1"]
[PlyCount "58"]
[WhiteFideId "12982598"]
[BlackFideId "12971367"]
[EventCountry "GER"]
[EventRounds "7"]
[EventType "team-swiss"]
[EventDate "2014.10.02"]

1. e4 {[%clk 1:30:58]} e5 {[%clk 1:30:54]} 2. Nf3 {[%clk 1:31:21]} Nc6 {[%clk
1:31:18]} 3. d4 {[%clk 1:31:42]} exd4 {[%clk 1:31:32]} 4. Nxd4 {[%clk 1:32:03]}
Qf6 {[%clk 1:31:02]} 5. Be3 {[%clk 1:32:19]} Bc5 {[%clk 1:27:55]} 6. c3 {[%clk
1:32:00]} d6 {[%clk 1:26:55]} 7. Bc4 {[%clk 1:31:35]} Bd7 {[%clk 1:25:55]} 8.
O-O {[%clk 1:26:05]} Ne5 {[%clk 1:24:41]} 9. Be2 {[%clk 1:26:10]} Qe7 {[%clk
1:23:55]} 10. Nd2 {[%clk 1:21:44]} Nf6 {[%clk 1:22:44]} 11. f4 {[%clk 1:12:34]}
Neg4 {[%clk 1:21:23]} 12. Bxg4 {[%clk 1:10:40]} Nxg4 {[%clk 1:20:18]} 13. Re1
{[%clk 1:10:50]} Nxe3 {[%clk 1:18:19]} 14. Rxe3 {[%clk 1:10:47]} Qf6 {[%clk
1:17:50]} 15. e5 {[%clk 1:03:20]} Qxf4 {[%clk 1:10:32]} 16. exd6+ {[%clk
1:03:17]} Qxe3+ {[%clk 1:10:51]} 17. Kh1 {[%clk 1:02:02]} Bxd4 {[%clk 1:10:52]}
18. cxd4 {[%clk 1:02:00]} O-O {[%clk 1:10:17]} 19. dxc7 {[%clk 1:01:46]} Bc6
{[%clk 1:10:26]} 20. Nf3 {[%clk 0:59:54]} Qe4 {[%clk 1:09:41]} 21. Rc1 {[%clk
0:55:43]} Rac8 {[%clk 1:09:42]} 22. Qc2 {[%clk 0:53:09]} Qxc2 {[%clk 1:09:56]}
23. Rxc2 {[%clk 0:51:52]} Bxf3 {[%clk 1:10:10]} 24. gxf3 {[%clk 0:52:10]} f5
{[%clk 1:10:26]} 25. d5 {[%clk 0:52:07]} Rf6 {[%clk 1:10:48]} 26. Kg2 {[%clk
0:51:36]} Rd6 {[%clk 1:11:06]} 27. b4 {[%clk 0:50:23]} Rxd5 {[%clk 1:11:21]}
28. a4 {[%clk 0:49:56]} Rd7 {[%clk 1:11:40]} 29. b5 {[%clk 0:49:15]} Rdxc7
{[%clk 1:12:01]} 0-1

[Event "Deutsche Ländermeisterschaft 2014"]
[Site "Hannover GER"]
[Date "2014.10.05"]
[Round "4"]
[White "Carow, Johannes"]
[Black "Ruff, Maximilian"]
[Result "1-0"]
[Termination "normal"]
[Board "3.1"]
[WhiteTitle "FM"]
[WhiteElo "2380"]
[BlackElo "2188"]
[WhiteClock "00:27:17"]
[BlackClock "00:24:12"]
[WhiteTeam "Rheinland-Pfalz"]
[BlackTeam "Baden 2"]
[PlyCount "89"]
[WhiteFideId "24692050"]
[BlackFideId "1271670"]
[EventCountry "GER"]
[EventRounds "7"]
[EventType "team-swiss"]
[EventDate "2014.10.02"]

1. d4 {[%clk 1:30:56]} Nf6 {[%clk 1:30:49]} 2. c4 {[%clk 1:30:59]} c5 {[%clk
1:31:06]} 3. d5 {[%clk 1:31:01]} b5 {[%clk 1:31:28]} 4. cxb5 {[%clk 1:31:15]}
a6 {[%clk 1:31:52]} 5. bxa6 {[%clk 1:31:29]} g6 {[%clk 1:32:08]} 6. Nc3 {[%clk
1:31:21]} Bxa6 {[%clk 1:32:30]} 7. e4 {[%clk 1:31:27]} Bxf1 {[%clk 1:32:52]} 8.
Kxf1 {[%clk 1:31:55]} d6 {[%clk 1:33:08]} 9. Nf3 {[%clk 1:31:56]} Bg7 {[%clk
1:33:16]} 10. g3 {[%clk 1:32:08]} O-O {[%clk 1:33:01]} 11. Kg2 {[%clk 1:32:27]}
Nbd7 {[%clk 1:33:20]} 12. a4 {[%clk 1:32:08]} Qb6 {[%clk 1:33:36]} 13. Qe2
{[%clk 1:19:35]} Qb4 {[%clk 1:25:38]} 14. Bd2 {[%clk 1:13:33]} Ng4 {[%clk
1:05:49]} 15. Rhb1 {[%clk 0:50:39]} Nge5 {[%clk 0:58:57]} 16. Nxe5 {[%clk
0:48:31]} Nxe5 {[%clk 0:48:27]} 17. b3 {[%clk 0:46:35]} f5 {[%clk 0:39:14]} 18.
exf5 {[%clk 0:40:04]} gxf5 {[%clk 0:38:37]} 19. Nb5 {[%clk 0:38:57]} Qe4+
{[%clk 0:37:13]} 20. Qxe4 {[%clk 0:39:17]} fxe4 {[%clk 0:37:41]} 21. Bc3 {[%clk
0:33:20]} Nd3 {[%clk 0:28:02]} 22. Ra2 {[%clk 0:31:52]} Rf5 {[%clk 0:23:06]}
23. Bxg7 {[%clk 0:27:21]} Kxg7 {[%clk 0:23:30]} 24. Re2 {[%clk 0:19:51]} Raf8
{[%clk 0:19:16]} 25. Rf1 {[%clk 0:18:46]} Rxd5 {[%clk 0:14:13]} 26. Rxe4 {[%clk
0:19:01]} Kf6 {[%clk 0:13:41]} 27. Rd1 {[%clk 0:15:41]} Nb4 {[%clk 0:07:43]}
28. Rde1 {[%clk 0:14:58]} e5 {[%clk 0:06:39]} 29. f4 {[%clk 0:14:27]} Rd2+
{[%clk 0:04:58]} 30. Kh3 {[%clk 0:12:52]} Nd3 {[%clk 0:03:11]} 31. fxe5+ {[%clk
0:13:11]} dxe5 {[%clk 0:03:18]} 32. R4e2 {[%clk 0:12:12]} Rxe2 {[%clk 0:01:53]}
33. Rxe2 {[%clk 0:12:40]} Ke6 {[%clk 0:00:44]} 34. Re3 {[%clk 0:09:24]} Nf2+
{[%clk 0:00:55]} 35. Kg2 {[%clk 0:09:53]} Ng4 {[%clk 0:00:39]} 36. Re4 {[%clk
0:09:49]} Nf6 {[%clk 0:00:34]} 37. Rc4 {[%clk 0:07:58]} Kd5 {[%clk 0:00:38]}
38. Kf3 {[%clk 0:03:33]} e4+ {[%clk 0:00:54]} 39. Ke2 {[%clk 0:03:45]} Rc8
{[%clk 0:00:35]} 40. Nc3+ {[%clk 0:03:11]} Ke5 {[%clk 0:00:46]} 41. b4 {[%clk
0:29:58]} Nd7 {[%clk 0:24:31]} 42. Rxe4+ {[%clk 0:28:07]} Kf5 {[%clk 0:24:19]}
43. b5 {[%clk 0:27:35]} c4 {[%clk 0:24:12]} 44. Re7 {[%clk 0:27:11]} Nf6 {[%clk
0:24:12]} 45. a5 {[%clk 0:27:17]} 1-0

[Event "Deutsche Ländermeisterschaft 2014"]
[Site "Hannover GER"]
[Date "2014.10.05"]
[Round "4"]
[White "Rahnfeld, Jens"]
[Black "Yankelevich, Lev"]
[Result "1/2-1/2"]
[Termination "normal"]
[Board "3.2"]
[WhiteElo "2089"]
[BlackElo "2362"]
[WhiteClock "00:25:34"]
[BlackClock "00:30:59"]
[WhiteTeam "Baden 2"]
[BlackTeam "Rheinland-Pfalz"]
[PlyCount "40"]
[WhiteFideId "12939617"]
[BlackFideId "24684074"]
[EventCountry "GER"]
[EventRounds "7"]
[EventType "team-swiss"]
[EventDate "2014.10.02"]

1. e4 {[%clk 1:30:59]} c5 {[%clk 1:30:55]} 2. Nf3 {[%clk 1:31:24]} d6 {[%clk
1:30:49]} 3. d4 {[%clk 1:31:47]} cxd4 {[%clk 1:31:13]} 4. Nxd4 {[%clk 1:32:12]}
Nf6 {[%clk 1:31:39]} 5. Nc3 {[%clk 1:32:37]} a6 {[%clk 1:31:56]} 6. Be3 {[%clk
1:32:59]} e5 {[%clk 1:32:21]} 7. Nb3 {[%clk 1:33:23]} Be6 {[%clk 1:32:45]} 8.
f4 {[%clk 1:33:05]} exf4 {[%clk 1:03:52]} 9. Bxf4 {[%clk 1:32:58]} Nc6 {[%clk
1:04:16]} 10. Qe2 {[%clk 1:32:30]} Be7 {[%clk 1:01:41]} 11. h3 {[%clk 1:32:47]}
O-O {[%clk 0:57:40]} 12. O-O-O {[%clk 1:32:20]} Qc7 {[%clk 0:57:27]} 13. g4
{[%clk 1:14:34]} Ne5 {[%clk 0:53:44]} 14. g5 {[%clk 0:58:32]} Nfd7 {[%clk
0:53:47]} 15. Nd5 {[%clk 0:57:13]} Bxd5 {[%clk 0:53:42]} 16. exd5 {[%clk
0:57:36]} Rfe8 {[%clk 0:53:35]} 17. Qg2 {[%clk 0:45:28]} b5 {[%clk 0:50:15]}
18. Kb1 {[%clk 0:43:37]} b4 {[%clk 0:48:41]} 19. h4 {[%clk 0:27:59]} a5 {[%clk
0:48:10]} 20. h5 {[%clk 0:25:34]} a4 {[%clk 0:30:59]} 1/2-1/2